ড. কামাল হোসেন সম্মাননাগ্রন্থ: বাংলাদেশের অভ্যুদয় ও বিকাশ
| 第一著者: | |
|---|---|
| フォーマット: | 不明 |
| 出版事項: |
প্রথমা প্রকাশন
|
| LEADER | 00452 a2200085 4500 | ||
|---|---|---|---|
| 100 | |a আসিফ নজরুল, শরীফ ভূঁইয়া, মির্জা হাসান (সম্পাদক) |9 56283 | ||
| 245 | |a ড. কামাল হোসেন সম্মাননাগ্রন্থ: বাংলাদেশের অভ্যুদয় ও বিকাশ | ||
| 260 | |b প্রথমা প্রকাশন | ||
| 942 | |c BK | ||
| 999 | |c 46572 |d 46572 | ||